Unbeatable resumes : (Record no. 1126)
[ view plain ]
| 000 -LEADER | |
|---|---|
| fixed length control field | 01467cam a2200253 a 4500 |
| 005 - DATE AND TIME OF LATEST TRANSACTION | |
| control field | 20260322212048.0 |
| 008 - FIXED-LENGTH DATA ELEMENTS--GENERAL INFORMATION | |
| fixed length control field | data |
| 010 ## - LIBRARY OF CONGRESS CONTROL NUMBER | |
| LC control number | 2011006635 |
| 020 ## - INTERNATIONAL STANDARD BOOK NUMBER | |
| International Standard Book Number | 9780814417621 (pbk.) : |
| Terms of availability | {dollar}16.95 |
| 020 ## - INTERNATIONAL STANDARD BOOK NUMBER | |
| International Standard Book Number | 0814417620 (pbk.) |
| 040 ## - CATALOGING SOURCE | |
| Original cataloging agency | DLC |
| Transcribing agency | DLC |
| Modifying agency | DLC |
| -- | BTCTA |
| -- | YDXCP |
| -- | HSA |
| -- | VP@ |
| -- | ABG |
| -- | CDX |
| -- | DLC |
| 043 ## - GEOGRAPHIC AREA CODE | |
| Geographic area code | n-us--- |
| 050 00 - LIBRARY OF CONGRESS CALL NUMBER | |
| Classification number | HF5383 |
| Item number | .B4335 2011 |
| 082 00 - DEWEY DECIMAL CLASSIFICATION NUMBER | |
| Classification number | 650.14/2 |
| Edition information | 22 |
| 092 ## - LOCALLY ASSIGNED DEWEY CALL NUMBER (OCLC) | |
| Classification number | 650.14 B43 2011 |
| 001 - CONTROL NUMBER | |
| control field | data |
| 100 1# - MAIN ENTRY--PERSONAL NAME | |
| Personal name | Beshara, Tony, |
| Dates associated with a name | 1948- |
| 245 10 - TITLE STATEMENT | |
| Title | Unbeatable resumes : |
| Remainder of title | America's top recruiter reveals what really gets you hired / |
| Statement of responsibility, etc. | Tony Beshara. |
| 260 ## - PUBLICATION, DISTRIBUTION, ETC. | |
| Place of publication, distribution, etc. | New York, NY : |
| Name of publisher, distributor, etc. | AMACOM, |
| Date of publication, distribution, etc. | c2011. |
| 300 ## - PHYSICAL DESCRIPTION | |
| Extent | xi, 324 p. : |
| Other physical details | ill. ; |
| Dimensions | 26 cm. |
| 500 ## - GENERAL NOTE | |
| General note | Includes index. |
| 505 0# - FORMATTED CONTENTS NOTE | |
| Formatted contents note | The top ten (BIG) mistakes of résumé writing -- Straight talk about your résumé (from a guy whose living depends on using them) -- Surprising facts about your résumé audience -- The résumés 3,000 hiring authorities want to see -- Key features of the most effective résumés -- The basic résumé and some résumé makeovers -- Sample traditional résumés -- Nontraditional résumés -- E-mailing résumés, cover letters, and attachments : increasing the chances your résumé will get read -- Leveraging your résumé -- How to handle common résumé problems (too many jobs, employment gaps, changing careers, relocating, etc) -- The top ten rules (you now know) of résumé writing. |
| 650 #0 - SUBJECT ADDED ENTRY--TOPICAL TERM | |
| Topical term or geographic name entry element | Résumés (Employment) |
| Geographic subdivision | United States. |
| Withdrawn status | Lost status | Damaged status | Not for loan | Home library | Current library | Shelving location | Date acquired | Total checkouts | Full call number | Barcode | Date last seen | Price effective from | Koha item type |
|---|---|---|---|---|---|---|---|---|---|---|---|---|---|
| Franklin | Franklin | General stacks | 22/03/2026 | 650.14/2 22 | BC0011163 | 22/03/2026 | 22/03/2026 | Books |